• 首页
  • 本馆介绍
  • 公告通知
  • 最新文献
  • 馆藏检索
  • 电子资源
  • 读者导购
  • 参考咨询
  • 我的图书馆
  • 登录
  • 详细信息显示
  • 放入我的书架
  • 预约/预借图书
  • 作者相关作品
  • 分类相关作品
  • 丛书相关作品
  • 出版社相关作品

书目信息

  • 表格格式
  • 工作单格式
  • 卡片格式
题名:
高倍速阅读法
    
 
作者: 谢勒 著 ;佳永馨璃 译
分册:  
出版信息: 北京   中信出版社  2017
页数: 228页
开本: 21cm
丛书名:
单 册:
中图分类: G792
科图分类:
主题词: 读书方法--Du Shu Fang Fa
电子资源:
ISBN: 978-7-5086-7409-4
000 01387nam 2200361 45
001 012001002661
005 20131030095518.0
010    @a978-7-5086-7409-4@dCNY42.00
092    @aCN@bREADER-49497
099    @aCAL 012017132740
100    @a20170918d2017 em y0chiy50 ea
101 1  @achi@ceng
102    @aCN@b110000
105    @aa a 000yy
106    @ar
200 1  @a高倍速阅读法@Agao bei su yue du fa@f(美) 保罗·R. 席列著@g佳永馨璃译
210    @a北京@c中信出版社@d2017
215    @a228页@c图@d21cm@e阅读练习卡1册 (13x19cm)
305    @a据2007年英文版译出
312    @a英文并列题名取自版权页
312    @a其他题名取自封面
314    @a保罗·R.席列, 美国学习策略公司 (Learning Strategies) 的共同创始人之一, 影像阅读·全脑思维系统的开发者。
314    @a责任者Scheele规范汉译姓: 谢勒
320    @a有书目 (第226-228页)
330    @a一本打开全脑思维、让阅读更高效的书,全球畅销30年的经典之作,美国联邦快递、IBM、苹果电脑等一流企业用于培训员工的强大商务工具。
500 10 @aPhotoreading whole mind system@mchinese
517 1  @a将阅读效率提升10倍的全新学习方法@AJiang Yue Du Xiao Lv Ti Sheng 10 Bei De Quan Xin Xue Xi Fang Fa
606 0  @a读书方法@ADu Shu Fang Fa
690    @aG792@v5
701  1 @a谢勒@AXie Le@g(Scheele, Paul R.)@4著
702  0 @a佳永馨璃@AJia Yong Xin Li@4译
801    @b江苏凤凰@c20191020
905    @b1229977-82@dG792@e1369@f6
    
    高倍速阅读法/(美) 保罗·R. 席列著/佳永馨璃译.-北京:中信出版社,2017
    228页:图;21cm+阅读练习卡1册 (13x19cm)
    
    
    ISBN 978-7-5086-7409-4:CNY42.00
    一本打开全脑思维、让阅读更高效的书,全球畅销30年的经典之作,美国联邦快递、IBM、苹果电脑等一流企业用于培训员工的强大商务工具。
●
相关链接 在E读中查询图书 在五车中查询图书 在当当中查询图书 在豆瓣中查询图书


正题名:高倍速阅读法     索取号:G792/1369         预约/预借

序号 登录号 条形码 馆藏地/架位号 状态 备注
1 1229977   212299779   第一样本阅览室/ [索取号:G792/1369] 在馆    
2 1229978   212299788   教育系资料室/ [索取号:G792/1369] 在馆    
3 1229979   212299797   教育系资料室/ [索取号:G792/1369] 在馆    
4 1229980   212299804   第四借阅区/ [索取号:G792/1369] 在馆    
5 1229981   212299813   第四借阅区/ [索取号:G792/1369] 在馆    
6 1229982   212299822   第四借阅区/ [索取号:G792/1369] 在馆    
唐山师范学院图书馆 欢迎您!
大连网信软件有限公司© 版权所有